Test culture générale- 2 - Statistiques

Statistiques générales
  • Ce quiz a été pris 9 629 fois
  • Le résultat moyen est 5 sur 10
Statistiques - réponses
Questions Réponses % Correct
Le drapeau russe est blanc, bleu, et ...? Rouge
96%
Qui joue Hermione Granger dans les Harry Potter? Emma Watson
78%
À quel écrivain attribue-t-on la rédaction de l’Illiade et l’Odyssée? Homère
76%
Quel roi de France proclama l’Édit de Nantes? Henri IV
72%
Quel est la plus long fleuve de France selon la partie coulant sur le territoire? La Loire
71%
Quel animal andin de la famille des camélidés est élevé pour sa laine? Le lama
56%
Quel est l’impératif du verbe feindre à la première personne du pluriel? Feignons
55%
À quel compositeur doit-on les bandes-son de film comme « Il était une fois en Amérique », « Pour une poignée de dollars », ou « Le clan des Siciliens »? Ennis Morricone
19%
Quel acteur américain incarne le héros du film de Christopher Nolan de 2014 « Interstellar »? Matthew MacConaughey
15%
Qui s’est déclaré « premier flic de France »? Georges Clemenceau
10%
Aucun quiz correspondant
Distribution des résultats
% des personnes avec chaque résultat
Percentile par nombre de réponses
Votre historique - résultats
Vous n’avez pas pris ce quiz